[Event "SR 2. liga A 2010/2011"]
[Site "?"]
[Date "2010.10.24"]
[Round "12.8"]
[White "Janecek, Jan"]
[Black "Stetina, Erik"]
[Result "0-1"]
[WhiteElo "1963"]
[BlackElo "2025"]
[PlyCount "76"]
[EventDate "2010.??.??"]
[WhiteTeam "Slovakia"]
[BlackTeam "II"]
[WhiteTeamCountry "SVK"]
[BlackTeamCountry "SVK"]

1. d4 Nf6 2. Nf3 g6 3. c4 Bg7 4. e3 O-O 5. Be2 d5 6. O-O c5 7. dxc5 Qa5 8. cxd5
Rd8 9. Nc3 e6 10. e4 exd5 11. exd5 Be6 12. Qb3 Nxd5 13. Nxd5 Bxd5 14. Bc4 Bxc4
15. Qxc4 Na6 16. Be3 Rac8 17. Rab1 Qb4 18. Qxb4 Nxb4 19. a3 Nc2 20. Rfc1 Nxe3
21. fxe3 Bh6 22. Kf2 Rd3 23. Re1 Rxc5 24. Re2 Rb5 25. e4 Rxa3 26. e5 Ra6 27. b3
Rab6 28. Nd4 Rd5 29. e6 fxe6 30. Nxe6 Kf7 31. Nc7 Rd7 32. Rc2 Bf4 33. Na8 Rc6
34. Rxc6 bxc6 35. g3 Be5 36. Re1 Kf6 37. Rc1 c5 38. Ke2 Rd8 0-1

[Event "SR 2. liga A 2010/2011"]
[Site "?"]
[Date "2010.12.04"]
[Round "13.1"]
[White "Rachela, Milan"]
[Black "Maslik, Miroslav"]
[Result "1-0"]
[WhiteElo "2395"]
[BlackElo "2402"]
[PlyCount "113"]
[EventDate "2010.??.??"]
[WhiteTeam "Slovakia"]
[BlackTeam "II"]
[WhiteTeamCountry "SVK"]
[BlackTeamCountry "SVK"]

1. Nf3 d5 2. c4 d4 3. e3 Nc6 4. exd4 Nxd4 5. Nxd4 Qxd4 6. Nc3 c6 7. Be2 Nh6 8.
b4 e5 9. O-O Bxb4 10. Qb3 Be7 11. Bb2 Qb6 12. Na4 Qxb3 13. axb3 Bd8 14. Bxe5
O-O 15. Rfe1 Ba5 16. b4 Bxb4 17. Nb6 axb6 18. Rxa8 Bxd2 19. Rd1 Bg5 20. Bc7 Be7
21. Bxb6 Bg4 22. Rxf8+ Kxf8 23. Bxg4 Nxg4 24. Rd7 Ne5 25. Rxb7 f6 26. c5 Nd3
27. Rd7 Bxc5 28. Rxd3 Bxb6 29. Rd6 Kf7 30. Rxc6 Bd4 31. g3 Kg6 32. Kg2 Kf7 33.
f4 f5 34. Rc4 Bb2 35. Kf3 h5 36. Ke3 Bf6 37. Rc5 g6 38. Rc6 Bb2 39. Kd3 Bf6 40.
Kc4 Ba1 41. Kd5 Bb2 42. Rc2 Ba1 43. Rc7+ Kf8 44. Rb7 Bc3 45. Kc4 Ba1 46. Rb1
Bf6 47. Rb6 Kg7 48. Rxf6 Kxf6 49. Kd5 Kf7 50. Kd6 Kg7 51. Ke6 h4 52. gxh4 Kh6
53. Kf6 Kh5 54. Kg7 Kxh4 55. Kxg6 Kg4 56. h4 Kxf4 57. h5 1-0

[Event "SR 2. liga A 2010/2011"]
[Site "?"]
[Date "2010.12.04"]
[Round "13.2"]
[White "Klemanic, Emil"]
[Black "Varga, David"]
[Result "0-1"]
[WhiteElo "2257"]
[BlackElo "2360"]
[PlyCount "62"]
[EventDate "2010.??.??"]
[WhiteTeam "Slovakia"]
[BlackTeam "II"]
[WhiteTeamCountry "SVK"]
[BlackTeamCountry "SVK"]

1. e4 e5 2. Nc3 Nf6 3. f4 d5 4. fxe5 Nxe4 5. Nf3 Bg4 6. Qe2 Ng5 7. d4 Nxf3+ 8.
gxf3 Qh4+ 9. Qf2 Qxf2+ 10. Kxf2 Be6 11. f4 Nc6 12. Be3 Be7 13. Bg2 Bh4+ 14. Ke2
O-O-O 15. Rad1 Bg4+ 16. Bf3 Bxf3+ 17. Kxf3 g6 18. Bf2 Be7 19. Rhg1 f6 20. Ke2
Rhf8 21. Be3 Bb4 22. Nb1 g5 23. fxg5 fxe5 24. c3 exd4 25. Bxd4 Nxd4+ 26. cxd4
Rde8+ 27. Kd3 Rf3+ 28. Kc2 Re2+ 29. Kc1 Rff2 30. Rdf1 Rc2+ 31. Kd1 Rxb2 0-1

[Event "SR 2. liga A 2010/2011"]
[Site "?"]
[Date "2010.12.04"]
[Round "13.3"]
[White "Petenyi, Tamas"]
[Black "Janos, Ivan"]
[Result "1-0"]
[WhiteElo "2378"]
[BlackElo "2163"]
[PlyCount "83"]
[EventDate "2010.??.??"]
[WhiteTeam "Slovakia"]
[BlackTeam "II"]
[WhiteTeamCountry "SVK"]
[BlackTeamCountry "SVK"]

1. e4 c5 2. Nf3 d6 3. d4 cxd4 4. Nxd4 Nf6 5. Nc3 g6 6. Be3 a6 7. f3 b5 8. Qd2
Bb7 9. O-O-O Nbd7 10. g4 Ne5 11. g5 Nfd7 12. Be2 b4 13. Nd5 e6 14. Qxb4 Rb8 15.
Nf6+ Nxf6 16. gxf6 Nd7 17. Qa4 Qxf6 18. Nb3 Bg7 19. Bd4 e5 20. Bc3 Bc8 21. Bb4
Bf8 22. Na5 d5 23. Bxf8 Kxf8 24. Rxd5 Kg7 25. Nc4 Nb6 26. Nxb6 Qxb6 27. Qa3 Qf2
28. Qc3 Be6 29. Qxe5+ Kh6 30. Rd2 Qe3 31. Qd4 Qf4 32. e5 Qf5 33. Rg1 Rhc8 34.
Qe3+ Kg7 35. Bxa6 Rc6 36. Bd3 Qh5 37. Qf4 Bxa2 38. e6 Rb7 39. Be4 Qb5 40. Bxc6
Qxb2+ 41. Kd1 Bc4 42. Qxc4 1-0

[Event "SR 2. liga A 2010/2011"]
[Site "?"]
[Date "2010.12.04"]
[Round "13.4"]
[White "Kimerling, Martin"]
[Black "Jablonicky, Frantisek"]
[Result "1-0"]
[WhiteElo "1920"]
[BlackElo "2150"]
[PlyCount "117"]
[EventDate "2010.??.??"]
[WhiteTeam "Slovakia"]
[BlackTeam "II"]
[WhiteTeamCountry "SVK"]
[BlackTeamCountry "SVK"]

1. d4 f5 2. c4 Nf6 3. Nf3 g6 4. g3 Bg7 5. Bg2 O-O 6. O-O d6 7. Nc3 Qe8 8. d5
Na6 9. Nd4 Bd7 10. h3 c6 11. Be3 Nc7 12. Rc1 c5 13. Nf3 b5 14. cxb5 Nxb5 15.
Nxb5 Bxb5 16. Ng5 Bd7 17. Qd2 a5 18. Rfd1 a4 19. Rc4 Rb8 20. Rb1 Qc8 21. Ne6
Bxe6 22. dxe6 a3 23. b3 Qxe6 24. Ra4 Ne4 25. Qd3 Ra8 26. Bxe4 fxe4 27. Qxe4
Qxe4 28. Rxe4 Bf6 29. Rd1 Rfb8 30. Kg2 Kf7 31. f4 Bc3 32. Rc4 Bf6 33. Bf2 Ke8
34. Kf3 Rxb3+ 35. axb3 a2 36. Ra4 Rxa4 37. bxa4 a1=Q 38. Rxa1 Bxa1 39. Ke4 Kd7
40. f5 Kc6 41. fxg6 hxg6 42. Kf4 Bf6 43. e4 c4 44. h4 c3 45. Ke3 Kc5 46. Kd3+
Kb4 47. Be1 Kxa4 48. Bxc3 e5 49. Kc4 Bg7 50. Kd5 Kb3 51. Bd2 Kc2 52. Bg5 Bf8
53. g4 Kd3 54. h5 Ke2 55. hxg6 Bg7 56. Be7 Kf3 57. g5 Kg4 58. Bf6 Bf8 59. g7
1-0

[Event "SR 2. liga A 2010/2011"]
[Site "?"]
[Date "2010.12.04"]
[Round "13.5"]
[White "Rachela, Jozef"]
[Black "Srna, Jan"]
[Result "1-0"]
[WhiteElo "2072"]
[BlackElo "2047"]
[PlyCount "145"]
[EventDate "2010.??.??"]
[WhiteTeam "Slovakia"]
[BlackTeam "II"]
[WhiteTeamCountry "SVK"]
[BlackTeamCountry "SVK"]

1. e4 e6 2. d3 d5 3. Nd2 c6 4. g3 f5 5. Bg2 Nf6 6. Qe2 Be7 7. Ngf3 O-O 8. O-O
b6 9. Re1 Re8 10. Ne5 Bd6 11. Nef3 Ng4 12. exf5 e5 13. Nh4 Nf6 14. Nb3 h6 15.
Be3 a5 16. Rad1 Na6 17. c3 Nc5 18. Qc2 Ng4 19. Bxc5 bxc5 20. c4 a4 21. Nd2 Bb7
22. b3 a3 23. Nb1 Rf8 24. h3 Nf6 25. Nc3 Kh7 26. cxd5 cxd5 27. Nb5 Rc8 28. Qc1
Bb8 29. Nxa3 Qb6 30. Nb1 Nh5 31. Qe3 d4 32. Qe2 Bxg2 33. Kxg2 Nf6 34. Nd2 Nd5
35. Ne4 Rc6 36. Qf3 Kh8 37. Qg4 Kh7 38. Rc1 Qb5 39. Red1 Nf6 40. Nxf6+ Rcxf6
41. Qe4 Bd6 42. Rc4 Qb8 43. Rdc1 Qc7 44. Ra4 Qb6 45. Rcc4 h5 46. Ra8 Kh6 47.
Rca4 Bb8 48. Ng6 Rxg6 49. fxg6 Qf6 50. f3 Qg5 51. Kf2 Qc1 52. Rc4 Qh1 53. f4
Qxh3 54. Rxb8 Rxb8 55. Rxc5 h4 56. Qg2 Qg4 57. Rxe5 Rc8 58. Re2 Qxg6 59. Qh3
Qxg3+ 60. Qxg3 hxg3+ 61. Kxg3 Rc3 62. Rd2 Kg6 63. Kg4 Kf6 64. f5 Rc5 65. Kf4
Re5 66. Rc2 Re3 67. Rc6+ Ke7 68. Re6+ Rxe6 69. fxe6 Kxe6 70. Ke4 g5 71. Kxd4
Kf5 72. Ke3 Kg4 73. Kf2 1-0

[Event "SR 2. liga A 2010/2011"]
[Site "?"]
[Date "2010.12.04"]
[Round "13.6"]
[White "Pekar, Jozef"]
[Black "Bebiak, Jozef"]
[Result "1/2-1/2"]
[WhiteElo "1962"]
[BlackElo "2106"]
[PlyCount "101"]
[EventDate "2010.??.??"]
[WhiteTeam "Slovakia"]
[BlackTeam "II"]
[WhiteTeamCountry "SVK"]
[BlackTeamCountry "SVK"]

1. e4 c5 2. Nf3 d6 3. Nc3 g6 4. d4 Nd7 5. Bb5 cxd4 6. Qxd4 Ngf6 7. e5 dxe5 8.
Nxe5 Bg7 9. Nxd7 Bxd7 10. O-O O-O 11. Be3 Bf5 12. Ba4 a6 13. Rad1 Rc8 14. Qb4
Qc7 15. Bb6 Qb8 16. h3 e5 17. Bc5 Rfd8 18. Bd6 Bf8 19. Bxb8 Bxb4 20. Bxe5 Bxc3
21. Bxc3 Nd5 22. Be5 b5 23. Bb3 Nb4 24. Bf6 Re8 25. Rd6 Bxc2 26. Bxc2 Rxc2 27.
a3 Nc6 28. Bc3 Rc8 29. Rfd1 Kf8 30. Bf6 Ke8 31. Re1+ Kf8 32. Red1 Ke8 33. Kf1
a5 34. b4 axb4 35. axb4 Rc4 36. g3 h5 37. R1d5 Ra8 38. Rxb5 Rxb4 39. Rc5 Nd8
40. Rc7 Ne6 41. Re7+ Kf8 42. Rdd7 Nd8 43. Rc7 Rb6 44. Bg5 Rd6 45. Bh6+ Kg8 46.
Bf4 Re6 47. Red7 Re8 48. Bd6 Ne6 49. Rb7 Red8 50. Rxd8+ Rxd8 51. Rb8 1/2-1/2

[Event "SR 2. liga A 2010/2011"]
[Site "?"]
[Date "2010.12.04"]
[Round "13.7"]
[White "Merva, Frantisek"]
[Black "Pobuda, Tibor"]
[Result "1-0"]
[WhiteElo "2038"]
[BlackElo "1857"]
[PlyCount "89"]
[EventDate "2010.??.??"]
[WhiteTeam "Slovakia"]
[BlackTeam "II"]
[WhiteTeamCountry "SVK"]
[BlackTeamCountry "SVK"]

1. d4 Nf6 2. Nf3 g6 3. c4 d6 4. Nc3 Bg7 5. e4 Nbd7 6. Be2 c5 7. O-O cxd4 8.
Nxd4 O-O 9. Be3 Ne5 10. f3 Bd7 11. Qd2 Rc8 12. b3 Qa5 13. Nd5 Qxd2 14. Nxe7+
Kh8 15. Bxd2 Rce8 16. Nd5 Nc6 17. Nxc6 Nxd5 18. Rae1 bxc6 19. cxd5 cxd5 20.
exd5 Bd4+ 21. Kh1 Re5 22. Bc4 Rxe1 23. Rxe1 Re8 24. Rxe8+ Bxe8 25. Bb4 Be5 26.
g3 g5 27. Kg2 Kg7 28. Bd2 Kf6 29. Be3 a5 30. Bb6 a4 31. Bd8+ Kg6 32. b4 Bd7 33.
b5 Bc8 34. Bd3+ Kh6 35. g4 f6 36. Bf5 Bb7 37. Be7 Kg7 38. Be6 Kg6 39. h3 Kg7
40. Kf1 Kg6 41. Ke2 a3 42. Kd3 h5 43. Kc4 hxg4 44. hxg4 Kg7 45. Kb4 1-0

[Event "SR 2. liga A 2010/2011"]
[Site "?"]
[Date "2010.12.04"]
[Round "13.8"]
[White "Mrkvik, Jan"]
[Black "Kantor, Reka"]
[Result "1/2-1/2"]
[WhiteElo "1488"]
[BlackElo "2003"]
[PlyCount "27"]
[EventDate "2010.??.??"]
[WhiteTeam "Slovakia"]
[BlackTeam "II"]
[WhiteTeamCountry "SVK"]
[BlackTeamCountry "SVK"]

1. c4 Nf6 2. Nc3 c5 3. Nf3 Nc6 4. d4 cxd4 5. Nxd4 g6 6. Ndb5 a6 7. Qa4 Rb8 8.
Na3 Bg7 9. g3 O-O 10. Bg2 d6 11. Bd2 Bd7 12. Qd1 Ne5 13. Bf4 Nc6 14. c5 1/2-1/2

[Event "SR 2. liga A 2010/2011"]
[Site "?"]
[Date "2010.12.04"]
[Round "14.1"]
[White "Pagerka, Martin"]
[Black "Bezuch, Martin"]
[Result "1-0"]
[WhiteElo "2263"]
[BlackElo "2198"]
[PlyCount "75"]
[EventDate "2010.??.??"]
[WhiteTeam "Slovakia"]
[BlackTeam "II"]
[WhiteTeamCountry "SVK"]
[BlackTeamCountry "SVK"]

1. d4 d6 2. e4 Nd7 3. Nf3 c5 4. d5 g6 5. Nc3 Bg7 6. Be2 Ngf6 7. O-O O-O 8. a4
Rb8 9. Ra3 b6 10. h3 a6 11. Re1 Ne8 12. Rb3 Nc7 13. Bf4 h6 14. Bf1 Ne5 15. Nxe5
dxe5 16. Be3 Qd6 17. a5 Bd7 18. axb6 Rxb6 19. Rxb6 Qxb6 20. Qa1 Qb4 21. Qa3
Qxa3 22. bxa3 Rc8 23. Rb1 Bf8 24. Rb6 c4 25. a4 Kh7 26. Rb4 e6 27. Rxc4 exd5
28. Nxd5 Ne8 29. Nb6 Rxc4 30. Bxc4 Nd6 31. Nxd7 Nxc4 32. Nxf8+ Kg7 33. Nd7 Nd6
34. f3 Nc4 35. Bc5 f5 36. Nxe5 Nxe5 37. Bd4 Kf6 38. f4 1-0

[Event "SR 2. liga A 2010/2011"]
[Site "?"]
[Date "2010.12.04"]
[Round "14.2"]
[White "Machalova, Maria"]
[Black "Cajka, Tibor"]
[Result "1/2-1/2"]
[WhiteElo "2190"]
[BlackElo "2111"]
[PlyCount "147"]
[EventDate "2010.??.??"]
[WhiteTeam "Slovakia"]
[BlackTeam "II"]
[WhiteTeamCountry "SVK"]
[BlackTeamCountry "SVK"]

1. c4 c5 2. Nc3 Nc6 3. g3 g6 4. Bg2 Bg7 5. d3 e6 6. e3 Nge7 7. Nge2 O-O 8. O-O
d5 9. cxd5 Nxd5 10. Nxd5 exd5 11. d4 cxd4 12. Nxd4 Nxd4 13. exd4 Be6 14. Be3
Qd7 15. Qb3 Rac8 16. Rfc1 b6 17. h4 h5 18. a4 Rfd8 19. Rxc8 Rxc8 20. a5 b5 21.
a6 Bf6 22. Ra5 Rb8 23. Bf1 b4 24. Bg2 Bd8 25. Ra1 Rb6 26. Ra4 Be7 27. Bd2 Qc6
28. Bf1 Bc8 29. Ra5 Be6 30. Ra1 Qd7 31. Rc1 Rc6 32. Qd1 Bg4 33. Qe1 Re6 34. Be3
g5 35. hxg5 Bxg5 36. Qxb4 Rxe3 37. Ra1 Re8 38. Qb7 h4 39. Bb5 Qxb7 40. axb7 Rb8
41. Rxa7 hxg3 42. Ra8 gxf2+ 43. Kxf2 Bf4 44. Bc6 Be6 45. Kf3 Bc7 46. b4 Kg7 47.
b5 Rh8 48. Be8 Rh3+ 49. Kg2 Rh8 50. b6 Bf4 51. b8=Q Rh2+ 52. Kf3 Bxb8 53. Rxb8
Rb2 54. Bc6 Kf6 55. b7 Ke7 56. Re8+ Kd6 57. b8=Q+ Rxb8 58. Rxb8 Kxc6 59. Kf4
Kc7 60. Ra8 Kc6 61. Ra5 Kd6 62. Ra6+ Kd7 63. Ke5 Kc7 64. Ra1 Kc6 65. Rc1+ Kd7
66. Rc3 Ke7 67. Rc7+ Kd8 68. Kd6 Ke8 69. Ra7 Kf8 70. Re7 Bf5 71. Re5 Be4 72.
Kd7 Kg7 73. Ke7 Kg6 74. Kd6 1/2-1/2

[Event "SR 2. liga A 2010/2011"]
[Site "?"]
[Date "2010.12.04"]
[Round "14.3"]
[White "Bury, Rastislav"]
[Black "Peitl, Tomas"]
[Result "1-0"]
[WhiteElo "2187"]
[BlackElo "2171"]
[PlyCount "45"]
[EventDate "2010.??.??"]
[WhiteTeam "Slovakia"]
[BlackTeam "II"]
[WhiteTeamCountry "SVK"]
[BlackTeamCountry "SVK"]

1. Nf3 Nf6 2. d4 e6 3. g3 d5 4. Bg2 c5 5. O-O Nc6 6. c4 dxc4 7. Qa4 Bd7 8. Qxc4
cxd4 9. Nxd4 Rc8 10. Nc3 Qb6 11. Nxc6 Bxc6 12. Be3 Qxb2 13. Rab1 Qa3 14. Nb5
Qa6 15. Rfc1 Nd5 16. Bxd5 exd5 17. Qg4 Kd8 18. Nxa7 Ra8 19. Nxc6+ bxc6 20. Bb6+
Ke8 21. Rxc6 g6 22. Qd4 Qxa2 23. Qe5+ 1-0

[Event "SR 2. liga A 2010/2011"]
[Site "?"]
[Date "2010.12.04"]
[Round "14.4"]
[White "Oprea, Erik"]
[Black "Polasek, Filip"]
[Result "1-0"]
[WhiteElo "2116"]
[BlackElo "2113"]
[PlyCount "73"]
[EventDate "2010.??.??"]
[WhiteTeam "Slovakia"]
[BlackTeam "II"]
[WhiteTeamCountry "SVK"]
[BlackTeamCountry "SVK"]

1. g3 e5 2. Bg2 d5 3. c4 c6 4. cxd5 cxd5 5. Qb3 Nf6 6. Nc3 Nc6 7. Nxd5 Nd4 8.
Nxf6+ Qxf6 9. Qd1 Bf5 10. d3 Rc8 11. Kf1 Bg4 12. h3 Bh5 13. g4 Bg6 14. Bxb7 Rc2
15. Be3 Bc5 16. Bxd4 Bxd4 17. Nf3 Rxb2 18. Qa4+ Kd8 19. Nxd4 exd4 20. Qa5+ Qb6
21. Qxb6+ Rxb6 22. Bd5 Re8 23. Bf3 Re5 24. Kg2 f5 25. Rhc1 fxg4 26. hxg4 h5 27.
Rc4 Rd6 28. Rac1 hxg4 29. Bxg4 Ra5 30. Rc7 Bh5 31. Bxh5 Rg5+ 32. Kf1 Rxh5 33.
Rxg7 Rh1+ 34. Rg1 Rh2 35. Rc4 Rf6 36. Rxd4+ Kc7 37. f3 1-0

[Event "SR 2. liga A 2010/2011"]
[Site "?"]
[Date "2010.12.04"]
[Round "14.5"]
[White "Pericka, Tomas"]
[Black "Ochrana, Ladislav"]
[Result "1-0"]
[WhiteElo "1966"]
[BlackElo "2072"]
[PlyCount "81"]
[EventDate "2010.??.??"]
[WhiteTeam "Slovakia"]
[BlackTeam "II"]
[WhiteTeamCountry "SVK"]
[BlackTeamCountry "SVK"]

1. e4 e5 2. Bc4 Nf6 3. d3 d5 4. exd5 Nxd5 5. Qe2 Qd6 6. f4 Nc6 7. fxe5 Qc5 8.
Nf3 Bg4 9. c3 Nb6 10. b4 Qe7 11. Bb5 Bxf3 12. gxf3 Qe6 13. a3 O-O-O 14. d4 Be7
15. Be3 a6 16. Bd3 Nd5 17. O-O g5 18. a4 Nxe3 19. Qxe3 f6 20. b5 Nb8 21. bxa6
Nxa6 22. Re1 fxe5 23. Qxe5 Qxe5 24. Rxe5 Bf6 25. Re6 Bg7 26. Ra2 Nb8 27. Bf5
Nd7 28. Re7 Bf6 29. Rf7 Rhe8 30. Kf2 Bh8 31. Rxh7 c6 32. Rb2 Bf6 33. Nd2 Be7
34. Nc4 Kc7 35. Re2 b5 36. axb5 cxb5 37. Rexe7 Rxe7 38. Rxe7 bxc4 39. Rxd7+
Rxd7 40. Bxd7 Kxd7 41. f4 1-0

[Event "SR 2. liga A 2010/2011"]
[Site "?"]
[Date "2010.12.04"]
[Round "14.6"]
[White "Szollos, Ondrej"]
[Black "Jozefek, Michal"]
[Result "1-0"]
[WhiteElo "2065"]
[BlackElo "1899"]
[PlyCount "77"]
[EventDate "2010.??.??"]
[WhiteTeam "Slovakia"]
[BlackTeam "II"]
[WhiteTeamCountry "SVK"]
[BlackTeamCountry "SVK"]

1. e4 c5 2. d3 d6 3. c3 e6 4. Nf3 Nc6 5. Be2 Nf6 6. Bg5 h6 7. Bh4 Be7 8. Nbd2
O-O 9. a3 Qc7 10. b4 a6 11. Nc4 b5 12. Ne3 Bb7 13. Rc1 a5 14. Qc2 Qb6 15. bxc5
dxc5 16. Rb1 Ba6 17. Nc4 Qd8 18. Nce5 Nxe5 19. Nxe5 Qc7 20. f4 Rfd8 21. O-O
Rac8 22. Rf3 b4 23. c4 Ne8 24. Bg3 Bf6 25. axb4 axb4 26. Ng4 Bd4+ 27. Kh1 Qe7
28. f5 exf5 29. Rxf5 Nd6 30. Rh5 Re8 31. e5 Qe6 32. Rf1 Bb7 33. Qd2 f5 34.
Nxh6+ gxh6 35. Rxh6 Qxh6 36. Qxh6 Bxe5 37. Bxe5 Rxe5 38. Qg6+ Kf8 39. Qxd6+ 1-0

[Event "SR 2. liga A 2010/2011"]
[Site "?"]
[Date "2010.12.04"]
[Round "14.8"]
[White "Sosovicka, Matej"]
[Black "Hanzluvka, Peter"]
[Result "0-1"]
[WhiteElo "1932"]
[BlackElo "1961"]
[PlyCount "80"]
[EventDate "2010.??.??"]
[WhiteTeam "Slovakia"]
[BlackTeam "II"]
[WhiteTeamCountry "SVK"]
[BlackTeamCountry "SVK"]

1. e4 c5 2. Nf3 d6 3. d4 cxd4 4. Nxd4 Nf6 5. Nc3 a6 6. Be3 e6 7. f3 Be7 8. Qd2
Bd7 9. g4 Nc6 10. O-O-O b5 11. h4 Nxd4 12. Qxd4 Qa5 13. Kb1 b4 14. Ne2 Rc8 15.
Nc1 Qc7 16. Bd3 a5 17. Qb6 a4 18. Qxb4 d5 19. Qb6 dxe4 20. Qxc7 Rxc7 21. Bxe4
Nxe4 22. fxe4 Bc6 23. Bf4 Rb7 24. Rde1 f5 25. gxf5 exf5 26. Rhg1 Bxh4 27. Bg3
Bxg3 28. Rxg3 Bxe4 29. Nd3 Re7 30. Rge3 O-O 31. Nc5 Rfe8 32. Kc1 Kf7 33. Nxe4
Rxe4 34. Rxe4 Rxe4 35. Rxe4 fxe4 36. Kd2 Ke6 37. Ke3 Ke5 38. b3 axb3 39. cxb3
h5 40. b4 h4 0-1

[Event "SR 2. liga A 2010/2011"]
[Site "?"]
[Date "2010.12.04"]
[Round "15.1"]
[White "Federic, Jozef"]
[Black "Vavrak, Peter"]
[Result "0-1"]
[WhiteElo "2283"]
[BlackElo "2466"]
[PlyCount "74"]
[EventDate "2010.??.??"]
[WhiteTeam "Slovakia"]
[BlackTeam "II"]
[WhiteTeamCountry "SVK"]
[BlackTeamCountry "SVK"]

1. d4 e6 2. c4 Nf6 3. g3 d5 4. Nf3 Bb4+ 5. Bd2 Be7 6. Bg2 O-O 7. O-O b6 8. Qc2
Bb7 9. Bf4 Nbd7 10. Nc3 dxc4 11. e4 a6 12. Ng5 h6 13. e5 Bxg2 14. exf6 hxg5 15.
fxe7 Qxe7 16. Bxg5 Qxg5 17. Kxg2 Nf6 18. Rfe1 Rfd8 19. Rad1 Qf5 20. Qc1 c5 21.
Re5 Qh7 22. Qf4 cxd4 23. Rxd4 b5 24. Rc5 Rxd4 25. Qxd4 Qd3 26. Qf4 Rd8 27. Rg5
Qd4 28. Qc7 b4 29. Ne2 Qe4+ 30. Kh3 Qh7+ 31. Kg2 Qe4+ 32. Kh3 Rd5 33. Rxd5 Nxd5
34. Qd8+ Kh7 35. f4 f6 36. Ng1 Ne3 37. Qa5 e5 0-1

[Event "SR 2. liga A 2010/2011"]
[Site "?"]
[Date "2010.12.04"]
[Round "15.2"]
[White "Certek, Pavel"]
[Black "Banas, Kamil"]
[Result "1/2-1/2"]
[WhiteElo "2250"]
[BlackElo "2255"]
[PlyCount "127"]
[EventDate "2010.??.??"]
[WhiteTeam "Slovakia"]
[BlackTeam "II"]
[WhiteTeamCountry "SVK"]
[BlackTeamCountry "SVK"]

1. d4 Nf6 2. Nf3 c5 3. e3 d5 4. c4 cxd4 5. exd4 g6 6. Nc3 Bg7 7. Be3 O-O 8. Rc1
Nc6 9. c5 Ng4 10. Bb5 e5 11. O-O exd4 12. Nxd4 Nxe3 13. fxe3 Ne5 14. Nf3 Be6
15. h3 Qa5 16. Qa4 Qc7 17. Qb4 Rad8 18. Nd4 Qe7 19. Nd1 Qg5 20. Kh1 Qh4 21. Qe1
Qe7 22. b4 a6 23. Be2 Nc4 24. Nxe6 Qxe6 25. Bxc4 dxc4 26. Qe2 Rd3 27. Nf2 Rxe3
28. Qxc4 Qxc4 29. Rxc4 f5 30. Rc2 Rfe8 31. g4 fxg4 32. hxg4 Be5 33. Rd1 Re7 34.
Rd3 Re1+ 35. Kg2 Bc7 36. c6 Bb6 37. Rd7 bxc6 38. Rxe7 Rxe7 39. Rxc6 Bxf2 40.
Kxf2 Re4 41. a3 a5 42. Kf3 Re1 43. bxa5 Re5 44. Ra6 Kg7 45. Kf4 Rc5 46. Ra7+
Kf6 47. Ra6+ Kg7 48. Ra7+ Kf6 49. Ke4 Rc4+ 50. Kd5 Rxg4 51. Rxh7 Rg5+ 52. Kc4
Rxa5 53. Kb4 Ra8 54. a4 g5 55. a5 g4 56. Kb5 g3 57. Rh3 Rg8 58. Rh1 Ke5 59. a6
Ke4 60. a7 Kf3 61. Ra1 g2 62. Kb6 Ra8 63. Kb7 Rxa7+ 64. Kxa7 1/2-1/2

[Event "SR 2. liga A 2010/2011"]
[Site "?"]
[Date "2010.12.04"]
[Round "15.3"]
[White "Dugovic, Branislav"]
[Black "Tepper, Frantisek"]
[Result "1/2-1/2"]
[WhiteElo "2152"]
[BlackElo "2162"]
[PlyCount "44"]
[EventDate "2010.??.??"]
[WhiteTeam "Slovakia"]
[BlackTeam "II"]
[WhiteTeamCountry "SVK"]
[BlackTeamCountry "SVK"]

1. Nf3 Nf6 2. b3 d6 3. d4 Bg4 4. Bb2 c6 5. g3 Bxf3 6. exf3 Nbd7 7. f4 e6 8. Bg2
Be7 9. O-O O-O 10. Re1 Re8 11. c4 d5 12. Nc3 Qa5 13. a3 Nf8 14. b4 Qc7 15. c5
a5 16. Qc2 axb4 17. axb4 b5 18. Reb1 Qb7 19. Ne2 Rxa1 20. Rxa1 Ra8 21. Qb1 N6d7
22. Nc1 Bd8 1/2-1/2

[Event "SR 2. liga A 2010/2011"]
[Site "?"]
[Date "2010.12.04"]
[Round "15.4"]
[White "Fabry, Robert"]
[Black "Skara, Vladimir"]
[Result "1-0"]
[WhiteElo "2190"]
[BlackElo "2161"]
[PlyCount "89"]
[EventDate "2010.??.??"]
[WhiteTeam "Slovakia"]
[BlackTeam "II"]
[WhiteTeamCountry "SVK"]
[BlackTeamCountry "SVK"]

1. e4 e6 2. d4 d5 3. Nc3 Nf6 4. Bg5 Be7 5. e5 Nfd7 6. h4 h6 7. Bxe7 Qxe7 8. Nb5
Nb6 9. c3 a6 10. Na3 c5 11. f4 cxd4 12. Qxd4 N6d7 13. Nf3 Nc6 14. Qe3 f6 15.
Bd3 O-O 16. O-O-O b5 17. exf6 Nxf6 18. Nc2 Rb8 19. Ne5 Nxe5 20. Qxe5 Nd7 21.
Qd4 Qd6 22. Rhf1 a5 23. Ne3 Ba6 24. f5 Nf6 25. fxe6 Qxe6 26. Bf5 Qb6 27. Nxd5
Qxd4 28. Rxd4 Nxd5 29. Be6+ Kh8 30. Rxf8+ Rxf8 31. Bxd5 Rd8 32. Kd2 b4 33. Ke3
bxc3 34. bxc3 g5 35. hxg5 hxg5 36. c4 Kg7 37. Re4 Bc8 38. Re7+ Kf6 39. Ra7 a4
40. Rxa4 Ke5 41. Ra5 Rf8 42. Bb7+ Kf6 43. Ra8 Re8+ 44. Kd4 Re4+ 45. Bxe4 1-0

[Event "SR 2. liga A 2010/2011"]
[Site "?"]
[Date "2010.12.04"]
[Round "15.5"]
[White "Mydlarik, Martin"]
[Black "Mikulas, Dusan"]
[Result "1/2-1/2"]
[WhiteElo "2136"]
[BlackElo "2122"]
[PlyCount "92"]
[EventDate "2010.??.??"]
[WhiteTeam "Slovakia"]
[BlackTeam "II"]
[WhiteTeamCountry "SVK"]
[BlackTeamCountry "SVK"]

1. e4 e5 2. Nf3 Nc6 3. Bb5 g6 4. O-O Bg7 5. c3 a6 6. Ba4 b5 7. Bc2 d6 8. d3
Nge7 9. Nbd2 O-O 10. Re1 h6 11. Nf1 f5 12. Bb3+ Kh7 13. exf5 Nxf5 14. a4 Bb7
15. Ne3 Nce7 16. Nd2 Nh4 17. Ne4 Nef5 18. Qe2 Nxe3 19. Bxe3 Qd7 20. axb5 axb5
21. Rxa8 Bxa8 22. Ra1 Bc6 23. Ra7 Ra8 24. Rxa8 Bxa8 25. f3 Nf5 26. Bf2 d5 27.
Nc5 Qe7 28. Bc2 Qg5 29. Nb3 Bc6 30. Qd2 Qd8 31. Qe1 Qe8 32. Nc5 Nd6 33. Kf1 Qf7
34. Kg1 h5 35. Bg3 Qe7 36. d4 e4 37. fxe4 Nxe4 38. Qe2 h4 39. Bf4 Qf7 40. Be3
Qe7 41. Nd3 Bd7 42. Bf4 Bf5 43. Qe3 Bf6 44. Bb3 c6 45. Be5 Nd6 46. Nb4 Bg5
1/2-1/2

[Event "SR 2. liga A 2010/2011"]
[Site "?"]
[Date "2010.12.04"]
[Round "15.6"]
[White "Kolman, Richard"]
[Black "Kundrak, Vladimir"]
[Result "1/2-1/2"]
[WhiteElo "2107"]
[BlackElo "1961"]
[PlyCount "72"]
[EventDate "2010.??.??"]
[WhiteTeam "Slovakia"]
[BlackTeam "II"]
[WhiteTeamCountry "SVK"]
[BlackTeamCountry "SVK"]

1. d4 d5 2. Nf3 e6 3. Bf4 Nf6 4. e3 Nh5 5. Bg5 Be7 6. Bxe7 Qxe7 7. Nbd2 Nf6 8.
Bd3 Nbd7 9. O-O b6 10. c4 Bb7 11. Rc1 c5 12. cxd5 Nxd5 13. dxc5 bxc5 14. a3 O-O
15. Qc2 h6 16. Nc4 N5b6 17. Be4 Bxe4 18. Qxe4 Rab8 19. Nfe5 Nxc4 20. Nxc4 Nf6
21. Qe5 Rfd8 22. Rfd1 Nd5 23. g3 Nb6 24. Na5 Rxd1+ 25. Rxd1 Rc8 26. Rc1 Nd7 27.
Qc3 Qd6 28. b4 Qd5 29. Qc4 Qxc4 30. Rxc4 Kf8 31. Kf1 Ke7 32. Ke2 Kd6 33. e4 Rc7
34. f4 f6 35. Kd3 e5 36. Rc2 cxb4 1/2-1/2

[Event "SR 2. liga A 2010/2011"]
[Site "?"]
[Date "2010.12.04"]
[Round "15.7"]
[White "Prielozny, Marek"]
[Black "Hefka, Vladimir"]
[Result "0-1"]
[WhiteElo "2002"]
[BlackElo "1991"]
[PlyCount "96"]
[EventDate "2010.??.??"]
[WhiteTeam "Slovakia"]
[BlackTeam "II"]
[WhiteTeamCountry "SVK"]
[BlackTeamCountry "SVK"]

1. d4 Nf6 2. Nf3 g6 3. c4 Bg7 4. Nc3 O-O 5. e4 d6 6. h3 e5 7. Be3 Nc6 8. g3
exd4 9. Nxd4 Nxd4 10. Bxd4 Be6 11. Qd2 c6 12. f4 Re8 13. O-O-O Qa5 14. g4 b5
15. f5 Bxc4 16. Bxc4 bxc4 17. g5 Nxe4 18. Nxe4 Qxd2+ 19. Rxd2 Rxe4 20. Bxg7
Kxg7 21. f6+ Kg8 22. Rxd6 h5 23. Rxc6 Rae8 24. Rc7 h4 25. Rd1 Re1 26. Rxe1
Rxe1+ 27. Kd2 Re5 28. Rc8+ Kh7 29. Rf8 Rxg5 30. Rxf7+ Kh6 31. Rxa7 Rg2+ 32. Kc3
Rg3+ 33. Kxc4 Rxh3 34. b4 Rf3 35. f7 g5 36. b5 h3 37. Ra3 Rf4+ 38. Kd5 g4 39.
Ke6 h2 40. Ra8 Kh7 41. f8=Q Rxf8 42. Rxf8 h1=Q 43. Kd6 Qb7 44. a4 g3 45. Re8 g2
46. Re7+ Qxe7+ 47. Kxe7 g1=Q 48. Kd7 Qc5 0-1